| 000 | 00751nam a2200229Ia 4500 | ||
|---|---|---|---|
| 003 | OSt | ||
| 005 | 20220916111053.0 | ||
| 006 | a|||||r|||| 00| 0 | ||
| 007 | ta | ||
| 008 | Pun | ||
| 024 | _a247374 | ||
| 037 | _cTextbook | ||
| 040 |
_bPun _aARTS _cARTS |
||
| 041 | _aPun | ||
| 082 | _aO158,3M68,MI, 153L6 | ||
| 100 | _aਬਰਦਲਈ, ਰਜਨੀਕਾਂਤ; ਗੁਰਬਚਨ ਸਿੰਘ, ੳਗ। | ||
| 245 | 0 | _aਮੀਰੀ ਜਾਈ | |
| 260 |
_aਦਿੱਲੀ _bਸਾਹਿਤ ਅਕਾਦੇਮੀ ਭਾਰਤ _c1976 |
||
| 300 |
_a103ਪੱ _ccm. |
||
| 942 |
_hO158,3M68,MI, 153L6 _cTB _2CC |
||
| 999 |
_c104959 _d104959 |
||